<?xml version="1.0" encoding="UTF-8"?>
<record
    xmlns:xsi="http://www.w3.org/2001/XMLSchema-instance"
    xsi:schemaLocation="http://www.loc.gov/MARC21/slim http://www.loc.gov/standards/marcxml/schema/MARC21slim.xsd"
    xmlns="http://www.loc.gov/MARC21/slim">

  <leader>00788nam a2200229   4500</leader>
  <datafield tag="999" ind1=" " ind2=" ">
    <subfield code="c">8481</subfield>
    <subfield code="d">8481</subfield>
  </datafield>
  <controlfield tag="001">22094</controlfield>
  <controlfield tag="003">BD-DhUAP</controlfield>
  <controlfield tag="005">20240324121601.0</controlfield>
  <controlfield tag="008">240324b20012010ii d|||| |||| 001 0 eng d</controlfield>
  <datafield tag="020" ind1=" " ind2=" ">
    <subfield code="a">9780521149174 (pb)</subfield>
  </datafield>
  <datafield tag="040" ind1=" " ind2=" ">
    <subfield code="a">BD-DhAAL</subfield>
    <subfield code="b">eng</subfield>
    <subfield code="c">BD-DhUAP</subfield>
    <subfield code="d">BD-DhUAP</subfield>
  </datafield>
  <datafield tag="082" ind1=" " ind2=" ">
    <subfield code="2">21</subfield>
    <subfield code="a">418.0071 WOO</subfield>
  </datafield>
  <datafield tag="100" ind1=" " ind2=" ">
    <subfield code="a">Woodward, Tessa.</subfield>
  </datafield>
  <datafield tag="245" ind1=" " ind2=" ">
    <subfield code="a">Planning lessons and courses :</subfield>
    <subfield code="b">designing sequences of work for language classes /</subfield>
    <subfield code="c">Tessa Woodward.</subfield>
  </datafield>
  <datafield tag="260" ind1=" " ind2=" ">
    <subfield code="a">New York :</subfield>
    <subfield code="b">Cambridge University Press,</subfield>
    <subfield code="c">2001.</subfield>
  </datafield>
  <datafield tag="300" ind1=" " ind2=" ">
    <subfield code="a">xv, 249 p. :</subfield>
    <subfield code="b">ill. ;</subfield>
    <subfield code="c">23 cm.</subfield>
  </datafield>
  <datafield tag="440" ind1=" " ind2=" ">
    <subfield code="a">Cambridge handbooks for language teachers.</subfield>
  </datafield>
  <datafield tag="504" ind1=" " ind2=" ">
    <subfield code="a">Includes bibliographical references and index.</subfield>
  </datafield>
  <datafield tag="650" ind1=" " ind2=" ">
    <subfield code="a">Language and languages</subfield>
    <subfield code="x">Study and teaching.</subfield>
  </datafield>
  <datafield tag="650" ind1=" " ind2=" ">
    <subfield code="a">Lesson planning.</subfield>
  </datafield>
  <datafield tag="942" ind1=" " ind2=" ">
    <subfield code="2">ddc</subfield>
    <subfield code="c">BK</subfield>
  </datafield>
  <datafield tag="952" ind1=" " ind2=" ">
    <subfield code="0">0</subfield>
    <subfield code="1">0</subfield>
    <subfield code="2">ddc</subfield>
    <subfield code="4">0</subfield>
    <subfield code="7">0</subfield>
    <subfield code="a">UAPCL</subfield>
    <subfield code="b">UAPCL</subfield>
    <subfield code="c">General Stacks</subfield>
    <subfield code="d">2024-03-24</subfield>
    <subfield code="o">418.0071 WOO</subfield>
    <subfield code="p">3010022094</subfield>
    <subfield code="r">2024-03-24</subfield>
    <subfield code="t">1</subfield>
    <subfield code="v">520.00</subfield>
    <subfield code="y">BK</subfield>
  </datafield>
</record>
